Diez teorías que conmovieron al mundo: de Copérnico a Darwin

Uloženo v:
Podrobná bibliografie
Hlavní autor: Moledo, Leonardo (autor)
Další autoři: Magnani, Esteban (autor)
Médium: Kniha
Jazyk:španělština
Vydáno: Buenos Aires Capital Intelectual 2006
Edice:Colección Claves Para Todos, 44, 45
Témata:
Tagy: Přidat tag
Žádné tagy, Buďte první, kdo vytvoří štítek k tomuto záznamu!

MARC

LEADER 00000nam a2200000 a 4500
001 UCI2881
003 CL-VaPUC
008 070928e20060000AG |||||||||||||||||spa|d
020 |a 9789871181485v.1 
020 |a 9789871181520v.2 
082 0 4 |a 909  |b MOL  |2 21 
100 |a Moledo, Leonardo  |e autor  |9 532232 
700 |a Magnani, Esteban  |e autor  |9 524097 
245 1 0 |a Diez teorías que conmovieron al mundo: de Copérnico a Darwin 
300 |a v 
942 |c BK 
945 |d 20070928 00:00:00  |a jtorresc 
260 |a Buenos Aires  |b Capital Intelectual  |c 2006 
650 0 |a Historia universal  |9 266877 
583 |a last modification  |c 20070928 00:00:00  |k Rodrigo Vera 
490 0 |a Colección Claves Para Todos, 44, 45 
999 |c 327295  |d 327293 
952 |0 0  |1 0  |4 0  |6 909_000000000000000_MOL_2006  |7 0  |8 A  |9 409951  |a BIBCUR  |b BIBCUR  |d 2019-11-22  |h v.1  |i 4370864  |l 1  |o 909 MOL 2006  |p 4370864  |r 2025-04-22  |s 2022-11-07  |w 2019-11-22  |y BK  |k FIS 
952 |0 0  |1 0  |4 0  |6 909_000000000000000_MOL_2006  |7 0  |8 A  |9 409952  |a BIBCUR  |b BIBCUR  |d 2019-11-22  |h v.2  |i 4370856  |o 909 MOL 2006  |p 4370856  |r 2025-04-22  |w 2019-11-22  |y BK  |k FIS